LEADER 00880nam a2200205 i 4500 001 000000078244 003 CaOOAMICUS 005 20161215000000.0 008 161215s1894 it u000 u ita u 013 $a50481 040 $aSeMil$bita 100 1 $aBeltrami, Luca,$d<1854-1933>.$0(OLS)http://semarc/name/30093 245 10$aGuida storica del Castello di Milano :$b1368-1894 /$cArch. Luca Beltrami. 260 $aMilano :$bUlrico Hoepli,$c1894. 300 $a136 p., 12 c. di tav. :$bill., 1 c. geogr. ripieg. ;$c20 cm. 650 4$aMilano - Castello Sforzesco.$0(OLS)http://semarc/subject/15899 850 $aSeMil 852 $aSeMil$W1$xVenegono$y1$m3O I 19 FA$j44206$B44206$CSeMilBibl$Z2$F45840 $8I 996 $6245$aGuida storica del Castello di Milano :$b1368-1894$9(OLS)http://semarc/title/126637 996 $6260$aMilano :$bUlrico Hoepli$9(OLS)http://semarc/publisher/29765 LEADER 01322nam a2200265 i 4500 001 000000106329 003 CaOOAMICUS 005 20230911152606.0 008 030325s2000 it u000 u ita u 013 $a78523 040 $aSeMil$bita 245 10$aChiese di Cuggiono e Castelletto :$bparrocchie di San Giorgio Martire e Santi Giacomo e Filippo /$ca cura di Giovanni Visconti ; testi di : Simonetta Coppa ... [et al.]. 260 $aCuggiono :$bS. Giorgio :$bComune di Cuggiono,$c2000. 300 $a156 p. :$bricc. ill. ;$c31 cm. 500 $aIn custodia. 650 4$aCuggiono - Castelletto - Santi Giacomo e Filippo.$0(OLS)http://semarc/subject/54313 650 4$aCuggiono - Chiese - San Giorgio Martire.$0(OLS)http://semarc/subject/18490 700 1 $aCoppa, Simonetta.$0(OLS)http://semarc/name/12909 700 1 $aVisconti, Giovanni .$0(OLS)http://semarc/name/44748 850 $aSeMil 852 $aSeMil$W1$xVenegono$y1$m5G X 2$j62466$B62466$CSeMilBibl$Z2$F74671 $81 961 $aOmaggio: Delpini mons. Mario 996 $6245$aChiese di Cuggiono e Castelletto :$bparrocchie di San Giorgio Martire e Santi Giacomo e Filippo$9(OLS)http://semarc/title/154165 996 $6260$aCuggiono :$bS. Giorgio :$bComune di Cuggiono$9(OLS)http://semarc/publisher/44795